Tony Blair / (Kayıt no. 12986)

MARC ayrıntıları
000 -BAŞLIK
Sabit Uzunlukta Kontrol Alanı 00673nam a2200217 4500
999 ## - SİSTEM KONTROL NUMARALARI (KOHA)
Koha Biblionumber 12986
Koha Biblioitemnumber 12986
003 - KONTROL NUMARASI IDENTIFIER
Denetim Alanı MIRAKIL
005 - SON İŞLEM TARİHİ VE ZAMANI
Denetim Alanı 20190319160434.0
008 - SABİT-BOY VERİ ELEMANLARI - GENEL BİLGİLER
Sabit Uzunlukta Kontrol Alanı 190319b tu ||||| |||| 00| 0 tur d
020 ## - ULUSLARARASI STANDART KİTAP NUMARASI
Uluslararası Standart Kitap Numarası 0751517615
040 ## - KATALOGLAMA KAYNAK
Orijinal Kataloglama Ajansı TR-AnCHP
Metne Dönüştürmek Ajansı TR-AnCHP
041 ## - DİL KODU
Metin / Ses Parça Veya Ayrı Başlığın Dil Kodu eng
082 ## - DEWEY ONLU SINIFLANDIRMA NUMARASI
Sınıflandırma Numarası 941.0859092
Ürün Numarası R35t 1996
100 ## - ANA GİRİŞ - KİŞİSEL İSİM
Kişisel Ad Rentoul, John.
245 10 - BAŞLIK TABLOSU
Başlık Tony Blair /
Sorumluluk Tablosu, Vb John Rentoul.
260 ## - YAYIN, DAĞITIM, VB
Yayın, Dağıtım, Vb Yeri Londra:
Yayıncı, Dağıtıcı, Vs Adı Warner Books,
Yayın, Dağıtım, Vb Tarihi 1996.
300 ## - FİZİKSEL TANIM
Kapsam x, 516 s.:
Diğer Fiziksel Ayrıntıları fotğ.;
Boyutlar 20 sm.
504 ## - KAYNAKÇA VB NOT
Kaynakça Vb Notu Kaynakça ve dizin vardır.
600 #0 - KONU KATMA GİRİŞ - KURUMSAL ADI
9 (RLIN) 5507
Kişisel Ad Blair, Tony
Başlıklar Ve Bir Adla İlişkili Diğer Kelimeler Birleşik Krallık başbakanı
Bir Adıyla İlişkilendirilen Tarihler 1953-
Genel Alt Bölümü yaşamöyküsü
651 #0 - KONU KATMA GİRİŞ - COĞRAFİ ADI
9 (RLIN) 5280
Coğrafi İsim Büyük Britanya
Genel Alt Bölümü Siyaset ve yönetim
Kronolojik Alt Bölümü 1979-1997
942 ## - EKLENDİ GİRİŞ ELEMANLARI (KOHA)
Sınıflandırma Veya Raf Düzeni Kaynak Dewey Decimal Classification
Koha Öğesi Türü Kitaplar
Mevcut
Kalıcı Konum Mevcut Konum Edinme Tarihi Edinim Kaynak Toplam Check-Out'Lar Tam Çağrı Numarası Barkod Tarih Son Görülme İtibaren Geçerli Fiyatlar Sigara Kamu Notu Koha Öğesi Türü
CHP Kütüphanesi CHP Kütüphanesi 03/19/2019 Bağış   941.0859092 R35t 1996 019046 03/19/2019 03/19/2019 Ertuğrul Çepni bağışıdır. Kitaplar